=LDR 00000nam 2200000 4500 =001 INLIS000000000017319 =005 20130612112522 =008 ***********************************Ind** =035 ##$$0010-061300000017319 =041 ##$$a Ind =082 ##$$a 618.2 =090 ##$$a 618.2, Man p =100 ##$$a Manusia, Ide Bagus Gde =245 ##$$a Penuntun kepanitraan klinik obstetri dan Ginekologi, Ida Bagus Gde Mamuaba =260 ##$$a 2004 $b Jakarta =300 ##$$a xi, 443 hlm, ilus, 21 cm =650 ##$$a Kebidanan, Ilmu =850 ##$$a NBPNMAT